Trouver les 30 pays manquants du monde CM2 JF1 - Statistiques

Statistiques générales
  • Ce quiz a été pris 459 fois
  • Le résultat moyen est 26 sur 30
Réponses sur la Carte
Les réponses sont colorées sur une échelle allant du rouge au vert en fonction du pourcentage des utilisateurs qui les ont devinées à leur premier essai. Vous pouvez retrouver ces pourcentages ci-dessous.
 
Statistiques - réponses
Pays % Correct
France
97%
Algérie
94%
Brésil
94%
Canada
94%
Espagne
94%
Russie
94%
Allemagne
93%
Argentine
93%
Chine
93%
États-Unis
92%
Mexique
92%
Italie
91%
Portugal
90%
Australie
89%
Égypte
88%
Suède
88%
Inde
87%
Royaume-Uni
87%
Danemark
85%
Japon
84%
Pérou
84%
Mongolie
83%
Indonésie
82%
Grèce
81%
Mali
81%
Turquie
81%
Nouvelle-Zélande
75%
Côte d'Ivoire
74%
Kenya
70%
Madagascar
69%
Aucun quiz correspondant
Distribution des résultats
% des personnes avec chaque résultat
Percentile par nombre de réponses
Votre historique - résultats
Vous n’avez pas pris ce quiz